000
00285nam a22001337a 4500
008
180910b xxu||||| |||| 00| 0 eng d
020
_a
007057443
041
_a
eng
080
_a
330
100
_a
52
101
_a
ECO
245
_a
Economic Botany
_c
Simposon/B.B
942
_2
udc
_c
BK
999
_c
47625
_d
47625